Incidencias regionales y globales de la alianza del pacífico / (Registro nro. 25420)
[ vista simple ]
| 000 -LEADER | |
|---|---|
| fixed length control field | 00752cam a2200217 i 4500 |
| 001 - CONTROL NUMBER | |
| control field | 25420 |
| 003 - CONTROL NUMBER IDENTIFIER | |
| control field | Mx-PuUPA |
| 005 - DATE AND TIME OF LATEST TRANSACTION | |
| control field | 20250929142742.0 |
| 008 - FIXED-LENGTH DATA ELEMENTS--GENERAL INFORMATION | |
| fixed length control field | 140415s2016 mx gr 000 0 spa d |
| 040 ## - CATALOGING SOURCE | |
| Transcribing agency | Mx-PuUPA |
| 041 0# - LANGUAGE CODE | |
| Language code of text/sound track or separate title | spa |
| 082 ## - DEWEY DECIMAL CLASSIFICATION NUMBER | |
| Classification number | 711 |
| Item number | ZEP |
| 245 ## - TITLE STATEMENT | |
| Title | Incidencias regionales y globales de la alianza del pacífico / |
| Statement of responsibility, etc. | Eduardo Pastrana Buelvas, Stefan Jost, editores |
| 250 ## - EDITION STATEMENT | |
| Remainder of edition statement | julio |
| 264 #1 - PRODUCTION, PUBLICATION, DISTRIBUTION, MANUFACTURE, AND COPYRIGHT NOTICE | |
| Place of production, publication, distribution, manufacture | Ciudad de México : |
| Name of producer, publisher, distributor, manufacturer | Fundación Konrad Adenauer, |
| Date of production, publication, distribution, manufacture, or copyright notice | 2016 |
| 300 ## - PHYSICAL DESCRIPTION | |
| Extent | 276 páginas : |
| Other physical details | ilustraciones ; |
| Dimensions | 23 cm |
| 700 1# - ADDED ENTRY--PERSONAL NAME | |
| Personal name | Pastrana Buelvas, Eduardo, |
| Relator term | editores |
| 700 1# - ADDED ENTRY--PERSONAL NAME | |
| Personal name | Jost, Stefan, |
| Relator term | editores |
| 942 ## - ADDED ENTRY ELEMENTS (KOHA) | |
| Source of classification or shelving scheme | Dewey Decimal Classification |
| Koha item type | Libro |
| Classification part | xx |
| Item part | xx |
| Withdrawn status | Lost status | Source of classification or shelving scheme | Damaged status | Not for loan | Collection code | Home library | Current library | Shelving location | Date acquired | Source of acquisition | Total Checkouts | Full call number | Barcode | Price effective from | Koha item type |
|---|---|---|---|---|---|---|---|---|---|---|---|---|---|---|---|
| Dewey Decimal Classification | En catalogación | General | Biblioteca Karol Wojtyla | Biblioteca Karol Wojtyla | Procesos técnicos | 03/12/2013 | Donación | xx | 47351 | 03/12/2013 | Libro |